000 00855nam a22003017a 4500
001 4884
003 FISKH
005 20250507143124.0
008 241022b cb ||||| |||| 00| 0 eng d
020 _a9780307119377
040 _aFISKH
_beng
_cFISKH
_dFISKH
050 _aPZ7.M462
082 _a636.088
100 _aMayer, Mercer
_d(1943-)
245 _aJust me and my puppy /
_cBy Mercer Mayer
250 _aFirst edition in 2006
260 _aNew York :
_bRandom House,
_c2006.
300 _a23 pages :
_bColor illustrations ;
_c21 cm
505 _aJ
520 _aEven though Puppy misbehaves, he makes a wonderful pet.
521 8 _a470L
_bLexile
521 8 _aJ
_bRaz-Plus
650 _2Little Critter
_aResponsibility
650 _2Animals
_aDogs
700 _aMayer, Mercer
_dIllustrator
942 _2ddc
_cBK
_n0
999 _c4884
_d4884